Diagnostika cestných motorových vozidiel

Bibliographic Details
Main Authors: Bedroš, Jaroslav (Author), Beránek, Karel (Author)
Other Authors: Pilárik, Milan (Translator)
Format: Book
Language:Slovak
Czech
PhysicalDescription:181 str. fotografie 21 cm
Published: Praha Nakladatelství dopravy a spojů 1986
Edition:1. vydanie
Subjects:

MARC

LEADER 00000cam a2200000 a 4500
001 vtls008252147
003 SK-MaSNL
005 20260302074106.0
008 190308s1986 xr oa f np 000 0 slo
015 |a SNBA1986 
020 |q (brožované) 
040 |a SNK  |b slo  |c SNK  |e AACR2 
041 1 |a slo  |h cze 
044 |a xr  |c CZ 
072 7 |a 629  |x Dopravné prostriedky  |2 konspekt 
080 |a 629.33  |2 2011 
080 |a 62:681.518.5  |2 2011 
080 |a (075)  |2 2011 
100 1 |a Bedroš, Jaroslav  |4 aut  |9 60765 
245 1 0 |a Diagnostika cestných motorových vozidiel  |c Jaroslav Bedroš, Karel Beránek 
250 |a 1. vydanie 
260 |a Praha  |b Nakladatelství dopravy a spojů  |c 1986 
300 |a 181 str.  |b fotografie  |c 21 cm 
500 |a Preložené pravdepodobne z češtiny 
504 |a Obsahuje bibliografiu na strane 181 
650 0 7 |a motorové vozidlá  |2 SNKPH  |9 1587 
650 0 7 |a poruchy  |2 SNK  |9 278403 
650 0 7 |a technická diagnostika  |2 SNKPH  |9 3986 
655 7 |a učebnice  |2 SNKPH  |9 22521 
700 1 |a Beránek, Karel  |4 aut  |9 285778 
700 1 |a Pilárik, Milan  |4 trl  |9 5108 
852 |a Slovenská národná knižnica 
954 |a odborná, vedecká literatúra cudzojazyčná (svetová)  |2 lita 
958 |a NB 
958 |a OP 
999 |c 1163676  |d 1165606 
952 |a SNK  |b SNK  |y PREZ  |7 0  |p 17A1483696  |o snkSC 199345  |i snk2022/10162  |8 7  |0 0  |1 0  |4 0  |d 2022-06-20  |l 0  |r 2026-02-24 20:40:57  |w 2026-02-24